000 00427nam a2200181Ia 4500
001 7370
005 20260306160450.0
008 260306t2000||||xx |||||||||||||| ||spa||
041 _aESP
082 _a338.7
_bS91
100 _aSulmont, Denis (Ed.)
_eAUT
245 0 _aModernización empresarial en el Perú
260 _c2000
300 _a369 páginas :
_c
650 _aGEN
654 _aCAN
942 _cLIB
_dJUS
_fJUS
_2ddc
_n
999 _c7370
_d7370